Statistics for Minecraft Underground

Click here to take the quiz!

General Stats

  • This quiz has been taken 15 times
  • The average score is 12 of 25

Answer Stats

Answer% Correct
Stone
100%
Diamond Ore
85%
Coal Ore
77%
Iron Ore
77%
Redstone Ore
77%
Deepslate
69%
Emerald Ore
69%
Gold Ore
69%
Copper Ore
62%
Gravel
54%
Lapis Lazuli Ore
54%
Granite
46%
Andesite
38%
Diorite
38%
Bedrock
31%
Deepslate Diamond Ore
31%
Deepslate Gold Ore
31%
Deepslate Iron Ore
31%
Deepslate Coal Ore
23%
Deepslate Lapis Lazuli Ore
23%
Deepslate Redstone Ore
23%
Deepslate Redstone Ore
23%
Tuff
15%
Deepslate Copper Ore
8%
Monster Spawner
8%

Score Distribution

Percentile by Number Answered

Percent of People with Each Score

Your Score History

You have not taken this quiz